[Event "GRE-chT 37th"]
[Site "Kallithea"]
[Date "2009.07.04"]
[Round "1"]
[White "Diasakos, Damianos"]
[Black "Malikentzos, Sotirios"]
[Result "0-1"]
[WhiteElo "1690"]
[BlackElo "2148"]
[PlyCount "86"]
[EventDate "2009.07.03"]
[EventType "team-tourn"]
[EventRounds "9"]
[EventCountry "GRE"]
[SourceTitle "CBM 131 Extra"]
[Source "ChessBase"]
[SourceDate "2009.09.03"]
[SourceVersion "2"]
[SourceVersionDate "2009.09.16"]
[SourceQuality "1"]

1. d4 d5 2. c4 c6 3. cxd5 cxd5 4. Bf4 Nc6 5. e3 Nf6 6. Nc3 a6 7. Bd3 Bg4 8. f3 Bh5 9. Nge2 e6 10. 0-0 Be7 11. Rc1 0-0 12. Ng3 Bg6 13. Bxg6 hxg6 14. Nce2 Qb6 15. e4 dxe4 16. fxe4 e5 17. Be3 Ng4 18. Rf3 Nxe3 19. Rxe3 Bg5 20. Rb3 Qa7 21. Rc4 Nxd4 22. Nxd4 exd4 23. Qxd4 b5 24. Qxa7 Rxa7 25. Rc6 Rd8 26. Kf2 Rd2+ 27. Kf3 Bf6 28. Rb6 Rxb2 29. Rxb2 Bxb2 30. a4 Be5 31. axb5 axb5 32. Rxb5 Ra3+ 33. Kg4 f6 34. Rb4 Kh7 35. Rc4 Bb8 36. Rb4 Ba7 37. Ne2 Ra2 38. Kf3 Ra1 39. h3 Rf1+ 40. Kg4 Rf2 41. Nf4 g5 42. Ne6 Rxg2+ 43. Kh5 g6# 0-1

[Event "GRE-ch U16"]
[Site "Kallithea"]
[Date "2008.06.30"]
[Round "4"]
[White "Athanasiou, Georgios"]
[Black "Diasakos, Damianos"]
[Result "1-0"]
[WhiteElo "1884"]
[BlackElo "1700"]
[PlyCount "107"]
[EventDate "2008.06.28"]
[EventType "swiss"]
[EventRounds "9"]
[EventCountry "GRE"]
[SourceTitle "EXT 2010"]
[Source "ChessBase"]
[SourceDate "2010.11.25"]
[SourceVersion "1"]
[SourceVersionDate "2010.11.25"]
[SourceQuality "1"]

1. e4 e6 2. d4 d5 3. exd5 exd5 4. Bd3 Nf6 5. Bf4 Nc6 6. c3 Bd6 7. Bxd6 Qxd6 8. Nf3 0-0 9. 0-0 Bg4 10. Nbd2 Rfe8 11. Qc2 Re6 12. Ng5 Re7 13. Bxh7+ Kh8 14. Bf5 Bxf5 15. Qxf5 Qd7 16. Qxd7 Nxd7 17. Rfe1 Rae8 18. Nxf7+ Kg8 19. Rxe7 Rxe7 20. Ng5 Re2 21. Ngf3 Nb6 22. Re1 Rxe1+ 23. Nxe1 Na4 24. Nd3 Na5 25. Nf3 b6 26. Nf4 c6 27. b4 Nb7 28. Ne2 Nd6 29. Ne5 Nb5 30. Nxc6 Naxc3 31. Nxc3 Nxc3 32. a3 a6 33. Kf1 Kf7 34. Ke1 Ke6 35. Ne5 Nb5 36. Nf3 Nxa3 37. Kd2 Nc4+ 38. Kc3 Nd6 39. Nd2 Kf5 40. Kd3 a5 41. bxa5 bxa5 42. Nb3 a4 43. Nc5 a3 44. Kc2 Ne4 45. Nd3 Nd6 46. f3 Nb5 47. Kb3 Nxd4+ 48. Kxa3 Ne2 49. Kb4 Nf4 50. Nxf4 Kxf4 51. Kc5 Ke5 52. g3 g6 53. h4 d4 54. Kc4 1-0

[Event "GRE-ch U16"]
[Site "Kallithea"]
[Date "2008.06.28"]
[Round "1"]
[White "Diasakos, Damianos"]
[Black "Papadimitriou, Athanasios"]
[Result "0-1"]
[WhiteElo "1700"]
[BlackElo "2059"]
[PlyCount "50"]
[EventDate "2008.06.28"]
[EventType "swiss"]
[EventRounds "9"]
[EventCountry "GRE"]
[SourceTitle "EXT 2010"]
[Source "ChessBase"]
[SourceDate "2010.11.25"]
[SourceVersion "1"]
[SourceVersionDate "2010.11.25"]
[SourceQuality "1"]

1. d4 g6 2. c4 Bg7 3. Nc3 c6 4. e4 d5 5. cxd5 cxd5 6. e5 Nc6 7. Be3 Nh6 8. f4 0-0 9. Nf3 Bg4 10. h3 Nf5 11. Bf2 Bxf3 12. gxf3 Qb6 13. Qd3 Nfxd4 14. 0-0-0 Nb3+ 15. axb3 Qxf2 16. Nxd5 Rfd8 17. Rd2 Qe1+ 18. Rd1 Qa5 19. Qc4 Rac8 20. Kb1 Nb4 21. Qxb4 Qxb4 22. Nxb4 Rxd1+ 23. Ka2 Rcc1 24. Ka3 Rxf1 25. Rxf1 Rxf1 0-1

[Event "Pirgou Sphlios op 2nd"]
[Site "Greece"]
[Date "2007.08.18"]
[Round "5"]
[White "Volfson, Michail"]
[Black "Diasakos, Damianos"]
[Result "1-0"]
[WhiteElo "1845"]
[BlackElo "1385"]
[PlyCount "131"]
[EventDate "2007.08.16"]
[EventType "swiss"]
[EventRounds "7"]
[EventCountry "GRE"]
[SourceTitle "EXT 2008"]
[Source "ChessBase"]
[SourceDate "2007.11.25"]
[SourceVersion "1"]
[SourceVersionDate "2007.11.25"]
[SourceQuality "1"]

1. d4 Nf6 2. Bg5 e6 3. e4 h6 4. Bxf6 Qxf6 5. Nf3 d5 6. e5 Qd8 7. Bd3 c5 8. c3 Qb6 9. b3 Nc6 10. 0-0 Bd7 11. Bc2 cxd4 12. cxd4 Nb4 13. a3 Nxc2 14. Qxc2 Rc8 15. Qb2 Be7 16. Nbd2 0-0 17. Rfc1 Rc6 18. Rc2 Rc7 19. Rac1 Rfc8 20. g3 Bb5 21. Rxc7 Rxc7 22. Rxc7 Qxc7 23. Ne1 Qa5 24. b4 Qa4 25. Qc1 Bc6 26. Nd3 Qb5 27. Qc3 b6 28. f3 Kf8 29. Kf2 Be8 30. Nb2 Qc6 31. Qxc6 Bxc6 32. Ke3 a5 33. Nd3 axb4 34. Nxb4 Bb5 35. Nb1 f6 36. Nc3 Bc4 37. f4 fxe5 38. fxe5 Bg5+ 39. Kf2 Bc1 40. Nb1 Bb2 41. Ke3 Kf7 42. Nd3 Ba2 43. Nxb2 Bxb1 44. Na4 b5 45. Nc3 Bc2 46. Nxb5 Kg6 47. Nc3 Kg5 48. h3 Bf5 49. g4 Bg6 50. Kf3 Kh4 51. Kg2 h5 52. gxh5 Bxh5 53. a4 g5 54. a5 g4 55. hxg4 Kxg4 56. a6 Be8 57. Kf2 Kg5 58. a7 Bc6 59. Nb5 Kf4 60. Nd6 Ba8 61. Ke2 Bc6 62. Kd3 Kf3 63. Kc3 Ke3 64. Nc8 Ba8 65. Nb6 Bc6 66. a8Q 1-0

[Event "Pyrgos Spilios Dimitris op 1st"]
[Site "Pyrgos"]
[Date "2006.08.20"]
[Round "5"]
[White "Diamanteas, Petros"]
[Black "Diasakos, Damianos"]
[Result "1-0"]
[WhiteElo "2030"]
[BlackElo "1160"]
[PlyCount "95"]
[EventDate "2006.08.18"]
[EventType "swiss"]
[EventRounds "6"]
[EventCountry "GRE"]
[SourceTitle "EXT 2024"]
[Source "ChessBase"]
[SourceDate "2023.10.10"]
[SourceVersion "1"]
[SourceVersionDate "2023.10.10"]
[SourceQuality "1"]

1. Nf3 Nf6 2. c4 g6 3. Nc3 Bg7 4. g3 d6 5. Bg2 0-0 6. 0-0 Bf5 7. d3 e5 8. Nh4 Bc8 9. Bd2 Nc6 10. Rb1 Bd7 11. b4 Qc8 12. Re1 Bh3 13. Bh1 Nd4 14. c5 Nf5 15. Nxf5 gxf5 16. Bg5 Kh8 17. Qd2 f4 18. Rbc1 Qg4 19. Bxf6 Bxf6 20. cxd6 cxd6 21. Bxb7 Rab8 22. Bf3 Qg6 23. Nd5 Bh4 24. Kh1 Rg8 25. Rg1 fxg3 26. fxg3 Bg5 27. e3 Qh6 28. Rc7 Be6 29. Re1 Bd8 30. Rxa7 Rxg3 31. Qf2 Bh4 32. Rg1 Rxg1+ 33. Qxg1 Rg8 34. Qf1 Rg3 35. Nc7 Bh3 36. Ra8+ Kg7 37. Ne8+ Kh8 38. Qe2 Qg6 39. Nf6+ Kg7 40. Rg8+ Kxf6 41. Rxg6+ Rxg6 42. b5 Rg8 43. b6 Ke6 44. b7 d5 45. Bxd5+ Kxd5 46. Qf3+ Kd6 47. Qxh3 Bf2 48. Qg2 1-0